000 00734nam a2200217Ia 4500
003 GCL
008 140319s9999 xx 000 0 ara d
020 _a6139520297
040 _aGCL /
_cGCL
082 0 4 _a812.008
_bى ن
100 1 _aيوسف عزالدين عيسى
245 1 0 _aنريد الحياة :
_bومسرحيات اخرى /
_cيوسف عزالدين عيسى
250 _aالاولى
260 _aالقاهرة :
_bدار المعارف ،
_c1985
300 _a252 ص ؛
_c18 سم
650 0 4 _aالادب العربى
650 0 4 _aالمسرحيات العربية
650 0 4 _aالمسرحيات العربية - مصر
650 0 4 _aالمسرحيات العربية - مجموعات
942 _2ddc
_cBK
999 _c4987
_d4987